<?xml version="1.0" encoding="UTF-8"?>
<record
    xmlns:xsi="http://www.w3.org/2001/XMLSchema-instance"
    xsi:schemaLocation="http://www.loc.gov/MARC21/slim http://www.loc.gov/standards/marcxml/schema/MARC21slim.xsd"
    xmlns="http://www.loc.gov/MARC21/slim">

  <leader>003120000a22001210004500</leader>
  <datafield tag="245" ind1="1" ind2="0">
    <subfield code="a">If you're Happy andyou know it : Sing-along books, il.: Frank Endersby</subfield>
  </datafield>
  <datafield tag="260" ind1=" " ind2=" ">
    <subfield code="a">Vietnam: Parragon</subfield>
  </datafield>
  <datafield tag="300" ind1=" " ind2=" ">
    <subfield code="a">[12 p. ]</subfield>
  </datafield>
  <datafield tag="500" ind1=" " ind2=" ">
    <subfield code="a">Texto pasta dura</subfield>
  </datafield>
  <datafield tag="505" ind1="0" ind2="0">
    <subfield code="a">Canciones</subfield>
  </datafield>
  <datafield tag="650" ind1="1" ind2="4">
    <subfield code="a">Literatura Infantil</subfield>
  </datafield>
  <controlfield tag="001">525</controlfield>
  <datafield tag="999" ind1=" " ind2=" ">
    <subfield code="c">47736</subfield>
    <subfield code="d">47736</subfield>
  </datafield>
</record>
